[Event "Vijayawad op"]
[Site "Vijayawad"]
[Date "2024.10.22"]
[Round "2"]
[White "Srihari, Lakshmi"]
[Black "Kaushika, Sridharan"]
[Result "1-0"]
[WhiteElo "2372"]
[BlackElo "1723"]
[PlyCount "77"]
[EventDate "2024.10.22"]
[EventType "swiss"]
[EventRounds "9"]
[EventCountry "IND"]
[SourceTitle "CB16_2025"]
[SourceDate "2025.04.16"]
[SourceVersion "1"]
[SourceVersionDate "2025.04.16"]
[SourceQuality "1"]

1. e4 c6 2. d4 d5 3. e5 Bf5 4. h4 h6 5. c4 e6 6. Nc3 Nd7 7. cxd5 cxd5 8. Bd3 Bxd3 9. Qxd3 Ne7 10. Nf3 Nc6 11. h5 Be7 12. Rh3 Qb6 13. a3 Na5 14. b4 Nc4 15. g4 Qd8 16. Rg3 Bh4 17. Rg2 Bg5 18. Nxg5 hxg5 19. Kf1 Qe7 20. Kg1 Nf8 21. Ne4 Nxe5 22. dxe5 dxe4 23. Qxe4 0-0-0 24. Be3 Kb8 25. Bc5 Qd7 26. Bd6+ Ka8 27. Rc1 Rc8 28. Rxc8+ Qxc8 29. f3 Qc1+ 30. Kh2 Ng6 31. Rc2 Qf1 32. Qc4 Qxc4 33. Rxc4 f6 34. Rc7 Nh4 35. Kg3 fxe5 36. Rxg7 e4 37. fxe4 Rd8 38. Rxg5 a6 39. e5 1-0

[Event "Swiss Queens Wed #28"]
[Site "FIDE Online Arena INT"]
[Date "2024.08.07"]
[Round "4"]
[White "Kaushika, Sridharan"]
[Black "Khachatryan, Anna"]
[Result "0-1"]
[WhiteElo "1671"]
[BlackElo "2079"]
[PlyCount "100"]
[EventDate "2024.08.07"]
[EventType "swiss (blitz)"]
[EventRounds "11"]
[EventCountry "NET"]
[SourceTitle "CBM 221 Extra"]
[Source "ChessBase"]
[SourceDate "2024.09.30"]
[SourceVersion "1"]
[SourceVersionDate "2024.09.30"]
[SourceQuality "1"]

1. d4 Nf6 2. Bf4 g6 3. e3 Bg7 4. c4 0-0 5. Nc3 d6 6. h3 Nc6 7. Nf3 Nd7 8. d5 Nce5 9. e4 c6 10. Be2 cxd5 11. cxd5 Nxf3+ 12. Bxf3 Qb6 13. Qd2 Ne5 14. Bxe5 Bxe5 15. 0-0 Bd7 16. Rac1 Rac8 17. Kh1 Kg7 18. Be2 Bd4 19. Bd3 a6 20. Rce1 Qb4 21. Rc1 Qb6 22. a3 Rc7 23. Rce1 Rfc8 24. f4 Bxc3 25. bxc3 Rxc3 26. f5 Qd4 27. Re3 Rc2 28. Qe1 Rc1 29. Qg3 Rxf1+ 30. Bxf1 Rc1 31. Rf3 Bb5 32. Qf4 Rxf1+ 33. Rxf1 Bxf1 34. Qxf1 Qxe4 35. fxg6 hxg6 36. Qa1+ Qe5 37. Qd1 b5 38. Qb3 Qd4 39. Qf3 Qe5 40. Qb3 e6 41. dxe6 fxe6 42. Qc2 d5 43. Qc6 d4 44. Qxa6 d3 45. Qb7+ Kh6 46. Qd7 Qe1+ 47. Kh2 d2 48. Qe7 Qe5+ 49. g3 Qe2+ 50. Kg1 d1Q# 0-1

[Event "Swiss Queens Wed #28"]
[Site "FIDE Online Arena INT"]
[Date "2024.08.07"]
[Round "9"]
[White "Kaushika, Sridharan"]
[Black "Tripurambika, V."]
[Result "1-0"]
[WhiteElo "1671"]
[BlackElo "1723"]
[PlyCount "75"]
[EventDate "2024.08.07"]
[EventType "swiss (blitz)"]
[EventRounds "11"]
[EventCountry "NET"]
[SourceTitle "CBM 221 Extra"]
[Source "ChessBase"]
[SourceDate "2024.09.30"]
[SourceVersion "1"]
[SourceVersionDate "2024.09.30"]
[SourceQuality "1"]

1. e4 c5 2. Nf3 g6 3. c3 d5 4. exd5 Qxd5 5. d4 Bg7 6. Bd3 Nf6 7. 0-0 0-0 8. c4 Qd6 9. d5 e6 10. Nc3 exd5 11. cxd5 a6 12. Bc2 Rd8 13. Bg5 Nbd7 14. Re1 h6 15. Bh4 Nb6 16. Ne4 g5 17. Nxd6 Rxd6 18. Bg3 Rxd5 19. Qc1 Be6 20. Re5 Rad8 21. Bb3 Rxe5 22. Bxe5 Bxb3 23. axb3 Rd5 24. h3 Nbd7 25. Bxf6 Nxf6 26. Qc2 Nh5 27. Re1 Rd8 28. Qxc5 Nf4 29. Re7 Bf8 30. Qc7 Rd1+ 31. Kh2 Ng6 32. Rd7 Rxd7 33. Qxd7 b5 34. Nd4 Bg7 35. Nf5 Be5+ 36. Kg1 h5 37. Nd6 Bxd6 38. Qxd6 1-0

[Event "Swiss Queens Wed #28"]
[Site "FIDE Online Arena INT"]
[Date "2024.08.07"]
[Round "2"]
[White "Paragua, Megan Althea"]
[Black "Kaushika, Sridharan"]
[Result "1-0"]
[WhiteElo "2061"]
[BlackElo "1671"]
[PlyCount "57"]
[EventDate "2024.08.07"]
[EventType "swiss (blitz)"]
[EventRounds "11"]
[EventCountry "NET"]
[SourceTitle "CBM 221 Extra"]
[Source "ChessBase"]
[SourceDate "2024.09.30"]
[SourceVersion "1"]
[SourceVersionDate "2024.09.30"]
[SourceQuality "1"]

1. e4 c6 2. d4 d5 3. exd5 cxd5 4. c4 e6 5. Nc3 Nf6 6. c5 Nc6 7. Nf3 Be7 8. Bb5 0-0 9. 0-0 Bd7 10. Re1 b6 11. Bxc6 Bxc6 12. Ne5 Bb7 13. b4 a5 14. Na4 bxc5 15. bxc5 Ne4 16. f3 Nf6 17. Ba3 Rc8 18. Rb1 Bc6 19. Nb6 Rc7 20. Nxc6 Rxc6 21. Qa4 Qc7 22. Qxa5 Nd7 23. Rb5 Rb8 24. Nxd7 Rxb5 25. Qxb5 Qxd7 26. Rb1 Bf8 27. Qa4 Qc7 28. Qa8 Qc8 29. Rb8 1-0

[Event "Swiss Queens Wed #28"]
[Site "FIDE Online Arena INT"]
[Date "2024.08.07"]
[Round "8"]
[White "Preobrazhenskaya, Diana"]
[Black "Kaushika, Sridharan"]
[Result "1-0"]
[WhiteElo "2025"]
[BlackElo "1671"]
[PlyCount "61"]
[EventDate "2024.08.07"]
[EventType "swiss (blitz)"]
[EventRounds "11"]
[EventCountry "NET"]
[SourceTitle "CBM 221 Extra"]
[Source "ChessBase"]
[SourceDate "2024.09.30"]
[SourceVersion "1"]
[SourceVersionDate "2024.09.30"]
[SourceQuality "1"]

1. e4 e5 2. Nf3 Nc6 3. Bb5 a6 4. Ba4 Nf6 5. 0-0 Be7 6. Re1 b5 7. Bb3 0-0 8. h3 d6 9. c3 Na5 10. Bc2 Bb7 11. d4 Nd7 12. d5 c5 13. Qe2 f5 14. exf5 Bxd5 15. Rd1 Nb6 16. Nbd2 Qc7 17. Ne4 Bc4 18. Qe1 d5 19. f6 Bxf6 20. Nxf6+ Rxf6 21. Bg5 Rff8 22. Qxe5 Qxe5 23. Nxe5 Rae8 24. Re1 h6 25. Bh4 d4 26. cxd4 cxd4 27. b3 Bd5 28. Ng6 Rxe1+ 29. Rxe1 Rb8 30. Re7 Rc8 31. Bf5 1-0

[Event "Swiss Queens Wed #27"]
[Site "FIDE Online Arena INT"]
[Date "2024.07.31"]
[Round "3"]
[White "Mejia, Cherry Ann"]
[Black "Kaushika, Sridharan"]
[Result "0-1"]
[WhiteElo "1964"]
[BlackElo "1671"]
[PlyCount "62"]
[EventDate "2024.07.31"]
[EventType "swiss (blitz)"]
[EventRounds "11"]
[EventCountry "NET"]
[SourceTitle "CBM 221 Extra"]
[Source "ChessBase"]
[SourceDate "2024.09.30"]
[SourceVersion "1"]
[SourceVersionDate "2024.09.30"]
[SourceQuality "1"]

1. e4 c6 2. d4 d5 3. e5 Bf5 4. h4 h6 5. g4 Be4 6. f3 Bh7 7. Bd3 Bxd3 8. Qxd3 e6 9. Ne2 Ne7 10. Nf4 Na6 11. c3 Qb6 12. b4 Nc7 13. a4 a5 14. Ba3 Nc8 15. bxa5 Rxa5 16. Bxf8 Rxf8 17. Nd2 Qa7 18. Nh5 Rg8 19. Qh7 Kf8 20. g5 Rxa4 21. Rc1 Ra1 22. Kf2 Rxc1 23. Rxc1 Qa2 24. Ke2 Nb5 25. Qd3 Qa3 26. Nf4 Qxc1 27. c4 Nc3+ 28. Kf2 Nd1+ 29. Kg3 Nc3 30. cxd5 Qg1+ 31. Kh3 Nd1 0-1

[Event "Swiss Queens Wed #26"]
[Site "FIDE Online Arena INT"]
[Date "2024.07.25"]
[Round "4"]
[White "Kaushika, Sridharan"]
[Black "Cori Tello, Deysi Estella"]
[Result "0-1"]
[WhiteElo "1671"]
[BlackElo "2389"]
[PlyCount "46"]
[EventDate "2024.07.25"]
[EventType "swiss (blitz)"]
[EventRounds "11"]
[EventCountry "NET"]
[SourceTitle "CBM 221 Extra"]
[Source "ChessBase"]
[SourceDate "2024.09.30"]
[SourceVersion "1"]
[SourceVersionDate "2024.09.30"]
[SourceQuality "1"]

1. d4 g6 2. Bf4 d6 3. e3 Bg7 4. Nf3 Bg4 5. h3 Bxf3 6. Qxf3 c6 7. c4 e5 8. dxe5 dxe5 9. Bg3 f5 10. Nc3 e4 11. Qe2 Qa5 12. Qd2 Nd7 13. 0-0-0 0-0-0 14. Bh4 Ngf6 15. g4 Ne5 16. Qc2 Rxd1+ 17. Qxd1 Rd8 18. Qc2 Nf3 19. Bg3 Rd2 20. Qb3 Nd7 21. Bg2 Nc5 22. Qa3 Qxa3 23. bxa3 Bxc3 0-1

[Event "Swiss Queens Wed #26"]
[Site "FIDE Online Arena INT"]
[Date "2024.07.25"]
[Round "9"]
[White "Kaushika, Sridharan"]
[Black "Pinto, Niyola"]
[Result "0-1"]
[WhiteElo "1671"]
[BlackElo "1454"]
[PlyCount "82"]
[EventDate "2024.07.25"]
[EventType "swiss (blitz)"]
[EventRounds "11"]
[EventCountry "NET"]
[SourceTitle "CBM 221 Extra"]
[Source "ChessBase"]
[SourceDate "2024.09.30"]
[SourceVersion "1"]
[SourceVersionDate "2024.09.30"]
[SourceQuality "1"]

1. d4 d5 2. Bf4 e6 3. e3 Bd6 4. Bg3 f5 5. Nf3 Nf6 6. Ne5 Nbd7 7. f4 0-0 8. c4 c6 9. Nc3 Bb4 10. a3 Bxc3+ 11. bxc3 Ne4 12. Rc1 Qa5 13. Qb3 Nxe5 14. fxe5 Qd8 15. Qd1 Qg5 16. Qf3 b6 17. Be2 Qe7 18. 0-0 Qxa3 19. cxd5 Nd2 20. Qh5 Nxf1 21. Rxf1 exd5 22. Bf4 Qe7 23. Bg5 Qf7 24. Qh4 Qg6 25. Bh5 Qe6 26. Be2 h6 27. Be7 Re8 28. Bd6 Bd7 29. Bh5 Red8 30. Rf3 Be8 31. Rg3 Bxh5 32. Qxh5 Re8 33. Rg6 Qf7 34. Qxh6 Rad8 35. Rg3 Rd7 36. Qh4 a5 37. Rh3 Qg6 38. Rg3 Qh7 39. Qg5 a4 40. e6 Rc7 41. Bxc7 a3 0-1

[Event "Swiss Queens Wed #24"]
[Site "FIDE Online Arena INT"]
[Date "2024.07.10"]
[Round "5.141"]
[White "Ismayil, Malak"]
[Black "Kaushika, Sridharan"]
[Result "1-0"]
[WhiteElo "2157"]
[BlackElo "1671"]
[PlyCount "63"]
[EventDate "2024.07.10"]
[EventType "swiss (blitz)"]
[EventRounds "11"]
[EventCountry "NET"]
[SourceTitle "CBM 221 Extra"]
[Source "ChessBase"]
[SourceDate "2024.09.30"]
[SourceVersion "1"]
[SourceVersionDate "2024.09.30"]
[SourceQuality "1"]

1. e4 c6 2. Nf3 d5 3. exd5 cxd5 4. d4 Nc6 5. Bd3 Nf6 6. c3 Bg4 7. 0-0 e6 8. Bf4 Bd6 9. Bxd6 Qxd6 10. Nbd2 0-0 11. h3 Bh5 12. Qe1 Rfe8 13. Ne5 Nd7 14. f4 f6 15. Qh4 fxe5 16. fxe5 Ncxe5 17. dxe5 Nxe5 18. Bxh7+ Kxh7 19. Qxh5+ Kg8 20. Rae1 Nd3 21. Nf3 Nf4 22. Qh4 Ng6 23. Qg4 e5 24. Ng5 Rf8 25. Qh5 Rf6 26. Rxf6 Qxf6 27. Rf1 Nf4 28. Qg4 Rf8 29. Kh1 Qh6 30. Kh2 b6 31. g3 a6 32. gxf4 1-0

[Event "Swiss Queens Wed #24"]
[Site "FIDE Online Arena INT"]
[Date "2024.07.10"]
[Round "10.24"]
[White "Kaushika, Sridharan"]
[Black "Latreche, Khadidja"]
[Result "0-1"]
[WhiteElo "1671"]
[BlackElo "1943"]
[PlyCount "42"]
[EventDate "2024.07.10"]
[EventType "swiss (blitz)"]
[EventRounds "11"]
[EventCountry "NET"]
[SourceTitle "CBM 221 Extra"]
[Source "ChessBase"]
[SourceDate "2024.09.30"]
[SourceVersion "1"]
[SourceVersionDate "2024.09.30"]
[SourceQuality "1"]

1. d4 Nf6 2. Bf4 d6 3. e3 Nbd7 4. Nf3 c6 5. Bd3 Qc7 6. e4 e5 7. dxe5 dxe5 8. Bg3 Bb4+ 9. Nbd2 0-0 10. 0-0 Re8 11. c3 Bf8 12. Nc4 b5 13. Ne3 Nc5 14. Re1 Ncxe4 15. Bxe4 Nxe4 16. Bh4 Nc5 17. b4 Ne6 18. Bg3 f6 19. Qb3 Kh8 20. Rad1 a5 21. a3 axb4 0-1

[Event "Swiss Queens Wed #24"]
[Site "FIDE Online Arena INT"]
[Date "2024.07.10"]
[Round "9.48"]
[White "Shubenkova, Veronika"]
[Black "Kaushika, Sridharan"]
[Result "1-0"]
[WhiteElo "2030"]
[BlackElo "1671"]
[PlyCount "51"]
[EventDate "2024.07.10"]
[EventType "swiss (blitz)"]
[EventRounds "11"]
[EventCountry "NET"]
[SourceTitle "CBM 221 Extra"]
[Source "ChessBase"]
[SourceDate "2024.09.30"]
[SourceVersion "1"]
[SourceVersionDate "2024.09.30"]
[SourceQuality "1"]

1. g4 d5 2. c4 Bxg4 3. Qa4+ c6 4. cxd5 Bd7 5. Qb3 Qc7 6. Nc3 Nf6 7. Bg2 cxd5 8. Nxd5 Nxd5 9. Bxd5 Nc6 10. Bxf7+ Kd8 11. Nf3 g6 12. Qc3 e5 13. a3 Bf5 14. Bd5 Bg7 15. e4 Bg4 16. Ng5 Rf8 17. f3 Bh5 18. Ne6+ Kd7 19. Nxc7 Kxc7 20. Bxc6 bxc6 21. 0-0 Bf6 22. b4 Bh4 23. Bb2 Bf6 24. Rac1 Kb7 25. Qxc6+ Kb8 26. Qc7# 1-0